Educational administration : The legal basis for education in Nigeria (Record no. 1374594)

MARC details
000 -LEADER
fixed length control field 00700nam a2200217Ia 4500
005 - DATE AND TIME OF LATEST TRANSACTION
control field 20250508162132.0
008 - FIXED-LENGTH DATA ELEMENTS--GENERAL INFORMATION
fixed length control field 008 250505s9999 xx 000 0 eng d
037 ## - SOURCE OF ACQUISITION
Stock number Textual
040 ## - CATALOGING SOURCE
Original cataloging agency FEDL
Language of cataloging eng
Transcribing agency FEDL
041 ## - LANGUAGE CODE
Language code of text/sound track or separate title eng
Source of code eng
084 ## - COLON CLASSIFICATION NUMBER
Classification number 371.2, THA
Assigning agency FEDL
100 ## - MAIN ENTRY--PERSONAL NAME
Personal name Thakur A S
9 (RLIN) 306121
245 #0 - TITLE STATEMENT
Title Educational administration : The legal basis for education in Nigeria
260 ## - PUBLICATION, DISTRIBUTION, ETC.
Place of publication, distribution, etc. New Delhi, India
Name of publisher, distributor, etc. National Publishing House
Date of publication, distribution, etc. 1980
300 ## - PHYSICAL DESCRIPTION
Extent vii,159p.
546 ## - LANGUAGE NOTE
Language note 1 Studies in development of education in Africa
650 ## - SUBJECT ADDED ENTRY--TOPICAL TERM
Topical term or geographic name entry element School Administration
700 ## - ADDED ENTRY--PERSONAL NAME
Personal name Musaazi J C S Aminu D M
9 (RLIN) 772400
942 ## - ADDED ENTRY ELEMENTS (KOHA)
Koha item type Textual
Classification part 371.2, THA
Holdings
Withdrawn status Lost status Damaged status Not for loan Home library Current library Date acquired Total Checkouts Full call number Barcode Date last seen Price effective from Koha item type
        Department of Education Library Department of Education Library 2025-05-08   371.2, THA EL0064674 2025-05-08 2025-05-08 Textual
Copyright @ Delhi University Library System